DC Superheros Quiz Stats

 Plays Quiz not verified by Sporcle

Challenge
Share
Tweet
Embed
Score 0/20 Timer 05:00
0 Plays Today
Hints Superhero % Correct
Bruce WayneBatman
100%
Kal-ElSuperman
100%
Diana PrinceWonder Woman
98.8%
Dick GraysonRobin
98.8%
Hal JordanGreen Lantern
98.2%
Barry AllenFlash
96.5%
Oliver QueenGreen Arrow
95.7%
J'onn J'onzz (John Jones)Martian Manhunter
94.3%
Kara Zor-ElSupergirl
93.6%
Arthur Curry (Orin)Aquaman
90.8%
Hints Superhero % Correct
Barbara GordonBatgirl
90.8%
Billy BatsonCaptain Marvel
87.7%
Kon-ElSuperboy
85.1%
Dinah 'Laurel' LanceBlack Canary
84%
Victor 'Vic' StoneCyborg
83.7%
Katar HolHawkman
82.3%
Shayera HolHawkgirl
82.3%
Roy HarperRed Arrow
82.2%
Jaime ReyesBlue Beetle
70.9%
John SmithRed Tornado
49.6%

You're not logged in!

Compare scores with friends on all Sporcle quizzes.
OR
Log In

You Might Also Like...

Show Comments

Extras

Top Quizzes Today


Score Distribution

Your Account Isn't Verified!

In order to create a playlist on Sporcle, you need to verify the email address you used during registration. Go to your Sporcle Settings to finish the process.

Report this User

Report this user for behavior that violates our Community Guidelines.

Details: